000 00937cab a2200289 4500
001 WB3103-27
008 090401t1995 xxu||||| |||| 00| 0 eng d
035 _a(Sirsi) u70787
041 _aeng
245 _aMines give Bath that sinking feeling
260 _c1995
350 _a0
490 _aFinancial Times
_v20 January 1995, 6(1)
520 _aCity council geologists have warned that 400 houses in the Combe Down area of Bath are in danger of collapsing into disused mine workings, but the remedial plan of infilling with pulveristed fuel ash is meeting resistance from residents.
650 _aABANDONED MINE WORKINGS
650 _aBATH
650 _aBLIGHT
650 _aContamination
_96231
650 _aPFA-BASED GROUT
650 _aPOLLUTION
650 _aPULVERISED FUEL ASH
650 _aSHALLOW WORKINGS
650 _aSUBSIDENCE
690 _aMINING AND MINERALS
942 _n0
948 _c04/03/1997
999 _c44572
_d44572